[Event "Tenerife-chT Preferente 1718"]
[Site "Tenerife"]
[Date "2018.01.13"]
[Round "6.2"]
[White "Trujillo Delgado, Dafnae Lorena"]
[Black "Abreu Suarez, Isauro"]
[Result "1-0"]
[WhiteElo "2170"]
[BlackElo "2003"]
[PlyCount "47"]
[EventDate "2017.11.11"]
[EventType "team-tourn"]
[EventRounds "14"]
[EventCountry "ESP"]
[SourceTitle "EXT 2019"]
[Source "ChessBase"]
[SourceDate "2018.10.10"]
[SourceVersion "1"]
[SourceVersionDate "2018.10.10"]
[SourceQuality "1"]
[WhiteTeam "Laguna Cotelec"]
[BlackTeam "Canarias 64"]
[WhiteTeamCountry "ESP"]
[BlackTeamCountry "ESP"]

1. e4 Nf6 2. e5 Nd5 3. c4 Nb6 4. d4 d6 5. exd6 cxd6 6. Nf3 g6 7. Bg5 Bg7 8. Nc3 0-0 9. Bd3 Bg4 10. 0-0 Nc6 11. Re1 Re8 12. Re4 f5 13. Rf4 Qc8 14. Qb3 Kh8 15. Nb5 Nd7 16. Re1 a6 17. Bxe7 axb5 18. Ng5 Na5 19. Qxb5 Qc6 20. Nf7+ Kg8 21. Nxd6 g5 22. Rxf5 Bxf5 23. Qxf5 Nf6 24. Qe6+ 1-0

[Event "Tenerife-chT Preferente 1516"]
[Site "Tenerife"]
[Date "2016.04.02"]
[Round "11.1"]
[White "Villavicencio Martinez, Adalberto"]
[Black "Trujillo Delgado, Dafnae Lorena"]
[Result "1-0"]
[WhiteElo "2330"]
[BlackElo "2197"]
[PlyCount "93"]
[EventDate "2015.12.12"]
[EventType "team-tourn"]
[EventRounds "14"]
[EventCountry "ESP"]
[SourceTitle "EXT 2017"]
[Source "ChessBase"]
[SourceDate "2016.10.25"]
[SourceVersion "1"]
[SourceVersionDate "2016.10.25"]
[SourceQuality "1"]
[WhiteTeam "Canarias 64"]
[BlackTeam "Laguna Cotelec"]
[WhiteTeamCountry "ESP"]
[BlackTeamCountry "ESP"]

1. d4 Nf6 2. Nf3 g6 3. c4 c5 4. Nc3 cxd4 5. Nxd4 Nc6 6. e4 Bg7 7. Be3 0-0 8. Be2 d6 9. 0-0 Bd7 10. Qd2 a6 11. f3 Rb8 12. Rac1 b5 13. cxb5 Nxd4 14. Bxd4 Bxb5 15. Nxb5 axb5 16. b4 h5 17. Rfd1 h4 18. Rc2 h3 19. g3 Nh5 20. Be3 Qd7 21. Rdc1 Rb7 22. Qd5 Ra8 23. Bf1 Ra3 24. Qd2 Be5 25. Rc8+ Kh7 26. Qf2 Qe6 27. R8c2 Qf6 28. Kh1 Rb8 29. Bxh3 Rh8 30. f4 Ba1 31. Kg2 Rha8 32. Bg4 Rd3 33. Be2 Rc3 34. Rxc3 Bxc3 35. e5 dxe5 36. Rxc3 exf4 37. Bd2 Rxa2 38. Rd3 fxg3 39. hxg3 Qc6+ 40. Qf3 Qe6 41. Bd1 Rb2 42. Bb3 Qc8 43. Qxf7+ Ng7 44. Qxe7 Qc6+ 45. Bd5 Qc2 46. Qh4+ Nh5 47. Be4 1-0

[Event "Tenerife-chT Preferente 1314"]
[Site "Tenerife"]
[Date "2014.03.15"]
[Round "10.2"]
[White "Rodriguez Torres, Cristo"]
[Black "Trujillo Delgado, Dafnae Lorena"]
[Result "1/2-1/2"]
[WhiteElo "1789"]
[BlackElo "2205"]
[PlyCount "101"]
[EventDate "2013.12.14"]
[EventType "team-tourn"]
[EventRounds "14"]
[EventCountry "ESP"]
[SourceTitle "EXT 2015"]
[Source "ChessBase"]
[SourceDate "2014.11.20"]
[SourceVersion "1"]
[SourceVersionDate "2014.11.20"]
[SourceQuality "1"]
[WhiteTeam "Universidad"]
[BlackTeam "Laguna Cotelec"]
[WhiteTeamCountry "ESP"]
[BlackTeamCountry "ESP"]

1. e4 c5 2. g3 Nc6 3. Bg2 g6 4. d3 Bg7 5. Nc3 d6 6. Be3 Nf6 7. h3 0-0 8. Qd2 Nd4 9. Nge2 Nd7 10. 0-0 Rb8 11. f4 Qa5 12. Nxd4 cxd4 13. Nd5 Qd8 14. Bf2 e6 15. Qb4 exd5 16. Bxd4 Bxd4+ 17. Qxd4 dxe4 18. dxe4 Qb6 19. Rad1 f5 20. exf5 Rxf5 21. Qxb6 Nxb6 22. Rxd6 Rf8 23. Re1 Bf5 24. c4 Rbd8 25. Red1 Rxd6 26. Rxd6 Kg7 27. c5 Nc4 28. Rd4 Na5 29. Ra4 Nc6 30. Bxc6 bxc6 31. Rxa7+ Rf7 32. Rxf7+ Kxf7 33. g4 Bc2 34. Kf2 Ke6 35. Kg3 h6 36. h4 Kd5 37. b4 Kc4 38. a3 Be4 39. f5 g5 40. hxg5 hxg5 41. f6 Bd5 42. Kf2 Bf7 43. Ke3 Bg6 44. Kd2 Bf7 45. Ke2 Be6 46. Ke3 Bd5 47. Kd2 Bf7 48. Ke3 Bg6 49. Kd2 Bf7 50. Ke3 Bg6 51. Kd2 1/2-1/2

[Event "Tenerife-chT Preferente 1314"]
[Site "Tenerife"]
[Date "2014.02.08"]
[Round "6.1"]
[White "Trujillo Delgado, Dafnae Lorena"]
[Black "Hernandez Leon, Alberto"]
[Result "0-1"]
[WhiteElo "2205"]
[BlackElo "2250"]
[PlyCount "72"]
[EventDate "2013.12.14"]
[EventType "team-tourn"]
[EventRounds "14"]
[EventCountry "ESP"]
[SourceTitle "EXT 2015"]
[Source "ChessBase"]
[SourceDate "2014.11.20"]
[SourceVersion "1"]
[SourceVersionDate "2014.11.20"]
[SourceQuality "1"]
[WhiteTeam "Laguna Cotelec"]
[BlackTeam "Casa de Venezuela Ebano"]
[WhiteTeamCountry "ESP"]
[BlackTeamCountry "ESP"]

1. e4 c5 2. Nf3 d6 3. d4 cxd4 4. Nxd4 e5 5. Nb3 Nf6 6. Nc3 Be7 7. Bg5 0-0 8. Bxf6 Bxf6 9. Nd5 a5 10. Qf3 Nc6 11. Nxf6+ Qxf6 12. Qxf6 gxf6 13. 0-0-0 a4 14. Nd2 a3 15. b3 d5 16. exd5 Nb4 17. c3 Nxa2+ 18. Kc2 Bf5+ 19. Bd3 Bxd3+ 20. Kxd3 Rfc8 21. c4 Nb4+ 22. Ke4 a2 23. Rc1 Nxd5 24. Kxd5 Rd8+ 25. Kc5 Rxd2 26. Kb6 Ra3 27. b4 Rb3 28. b5 Rdb2 29. Ra1 Rb1 30. Rxa2 Rxh1 31. Rc2 Rxh2 32. Kxb7 Rxg2 33. b6 e4 34. c5 e3 35. Rc4 exf2 36. Rf4 Rb1 0-1

[Event "Tenerife-chT Preferente 1314"]
[Site "Tenerife"]
[Date "2014.01.25"]
[Round "4.1"]
[White "Trujillo Delgado, Dafnae Lorena"]
[Black "Cabrera Trujillo, Jorge Juan"]
[Result "1/2-1/2"]
[WhiteElo "2205"]
[BlackElo "2346"]
[PlyCount "131"]
[EventDate "2013.12.14"]
[EventType "team-tourn"]
[EventRounds "14"]
[EventCountry "ESP"]
[SourceTitle "EXT 2015"]
[Source "ChessBase"]
[SourceDate "2014.11.20"]
[SourceVersion "1"]
[SourceVersionDate "2014.11.20"]
[SourceQuality "1"]
[WhiteTeam "Laguna Cotelec"]
[BlackTeam "Rey Ahogado"]
[WhiteTeamCountry "ESP"]
[BlackTeamCountry "ESP"]

1. e4 c5 2. Nf3 d6 3. d4 cxd4 4. Nxd4 Nf6 5. Nc3 a6 6. Be2 e5 7. Nb3 Be7 8. Bg5 Nbd7 9. Qd3 b5 10. Bxf6 Nxf6 11. a4 b4 12. Nd5 Nxd5 13. Qxd5 Be6 14. Qc6+ Bd7 15. Qb7 Qc8 16. Qxb4 Qxc2 17. Rc1 Qxb2 18. Qb7 Rd8 19. Bxa6 Bg5 20. Rd1 0-0 21. Nd2 Qxb7 22. Bxb7 Bxa4 23. Ra1 Rb8 24. Bd5 Bxd2+ 25. Kxd2 Bb3 26. Bxb3 Rxb3 27. Rhb1 Rxb1 28. Rxb1 f5 29. Ke3 fxe4 30. Rd1 Rf6 31. Rd2 Kf7 32. Kxe4 Ke6 33. g3 g5 34. f3 Rf7 35. Ra2 Rb7 36. Ke3 h5 37. h3 Rb4 38. g4 Rb3+ 39. Kf2 e4 40. fxe4 Rxh3 41. Ra5 Rh4 42. gxh5 Rxh5 43. Kg3 Rh1 44. Kf3 Rh3+ 45. Kf2 Rh5 46. Kg3 Rh1 47. Kf2 Rh4 48. Kf3 Rh3+ 49. Kf2 Kf6 50. Rf5+ Kg6 51. Rd5 g4 52. Rxd6+ Kg5 53. e5 Rf3+ 54. Kg2 Re3 55. e6 Kf4 56. Rd4+ Kg5 57. Rd6 Kh4 58. Kf2 Re4 59. Ra6 Re5 60. Ra8 g3+ 61. Kf3 Rf5+ 62. Kg2 Rf2+ 63. Kg1 Re2 64. Rh8+ Kg4 65. Rg8+ Kf3 66. Rf8+ 1/2-1/2

[Event "La Laguna op 3rd"]
[Site "La Laguna"]
[Date "2009.05.09"]
[Round "7"]
[White "Cori, Jorge Moise"]
[Black "Trujillo Delgado, Dafnae Lorena"]
[Result "1-0"]
[WhiteElo "2418"]
[BlackElo "2233"]
[PlyCount "71"]
[EventDate "2009.05.04"]
[EventType "swiss"]
[EventRounds "9"]
[EventCountry "ESP"]
[SourceTitle "CBM 130 Extra"]
[Source "ChessBase"]
[SourceDate "2009.07.02"]
[SourceVersion "2"]
[SourceVersionDate "2009.07.15"]
[SourceQuality "1"]

1. e4 c5 2. Nf3 d6 3. Bb5+ Nd7 4. 0-0 Ngf6 5. Re1 a6 6. Bf1 g6 7. c3 Bg7 8. d4 e5 9. dxe5 dxe5 10. c4 0-0 11. Nc3 h6 12. a3 Qe7 13. Be3 Nb8 14. Nd5 Nxd5 15. cxd5 Rd8 16. Qc1 b6 17. Bxh6 Bg4 18. Bxg7 Kxg7 19. Nd2 Rh8 20. Qc3 Nd7 21. f3 Bh5 22. g4 Qh4 23. h3 f5 24. exf5 gxf5 25. Bg2 fxg4 26. fxg4 Bxg4 27. Re4 Nf6 28. Qxe5 Rae8 29. Qc7+ Kg6 30. Rxe8 Rxe8 31. hxg4 Re2 32. Qf4 Nxg4 33. Rf1 Re7 34. d6 Re8 35. Be4+ Kg7 36. Qf7+ 1-0

[Event "La Laguna op 3rd"]
[Site "La Laguna"]
[Date "2009.05.04"]
[Round "1"]
[White "Kolev, Atanas"]
[Black "Trujillo Delgado, Dafnae Lorena"]
[Result "1-0"]
[WhiteElo "2573"]
[BlackElo "2233"]
[PlyCount "57"]
[EventDate "2009.05.04"]
[EventType "swiss"]
[EventRounds "9"]
[EventCountry "ESP"]
[SourceTitle "CBM 130 Extra"]
[Source "ChessBase"]
[SourceDate "2009.07.02"]
[SourceVersion "2"]
[SourceVersionDate "2009.07.15"]
[SourceQuality "1"]

1. e4 c5 2. Nf3 d6 3. d4 cxd4 4. Nxd4 Nf6 5. Nc3 a6 6. Be3 e6 7. g4 h6 8. Bg2 Be7 9. Qe2 b5 10. a3 Bb7 11. f4 Nc6 12. 0-0-0 Nd7 13. h4 Qa5 14. g5 b4 15. Nb3 Qc7 16. axb4 Nxb4 17. f5 Ne5 18. gxh6 g5 19. fxe6 fxe6 20. Bh3 Bc8 21. Nd4 Qa5 22. Kb1 Rb8 23. Bxe6 Nbc6 24. Nb3 Qb4 25. Bxc8 Rxc8 26. Bxg5 Bxg5 27. hxg5 Ne7 28. Qxa6 Rc6 29. Qb5 1-0

[Event "La Laguna op 2nd"]
[Site "La Laguna"]
[Date "2008.04.22"]
[Round "2"]
[White "Miezis, Normunds"]
[Black "Trujillo Delgado, Dafnae Lorena"]
[Result "1-0"]
[WhiteElo "2551"]
[BlackElo "2221"]
[PlyCount "69"]
[EventDate "2008.04.21"]
[EventType "swiss"]
[EventRounds "9"]
[EventCountry "ESP"]
[SourceTitle "CBM 123 Extra"]
[Source "ChessBase"]
[SourceDate "2008.05.06"]
[SourceVersion "1"]
[SourceVersionDate "2008.05.06"]
[SourceQuality "1"]

1. c4 c5 2. Nc3 Nc6 3. g3 g6 4. Bg2 Bg7 5. d3 e5 6. a3 Nge7 7. Rb1 a5 8. h4 h6 9. Bd2 d6 10. Nd5 Be6 11. Nh3 0-0 12. Qc1 Kh7 13. h5 gxh5 14. Ng1 Bxd5 15. cxd5 Nd4 16. Qd1 a4 17. e4 Nb3 18. Be3 f5 19. Ne2 h4 20. f4 hxg3 21. Nxg3 exf4 22. Bxf4 Qa5+ 23. Bd2 Nxd2 24. Qxd2 f4 25. Nf5 Nxf5 26. exf5 Qxd2+ 27. Kxd2 Bd4 28. Be4 Bf6 29. Ke2 Ra6 30. Rbg1 Rg8 31. Rxh6+ Kxh6 32. Rxg8 Bxb2 33. f6 b5 34. Rg6+ Kh7 35. f7 1-0

[Event "EU-chT (Women) 16th"]
[Site "Heraklion"]
[Date "2007.11.01"]
[Round "5"]
[White "Schuurman, Petra"]
[Black "Trujillo Delgado, Dafnae Lorena"]
[Result "1/2-1/2"]
[WhiteElo "2281"]
[BlackElo "2243"]
[PlyCount "102"]
[EventDate "2007.10.28"]
[EventType "team-tourn"]
[EventRounds "9"]
[EventCountry "GRE"]
[SourceTitle "EXT 2008"]
[Source "ChessBase"]
[SourceDate "2007.11.25"]
[SourceVersion "1"]
[SourceVersionDate "2007.11.25"]
[SourceQuality "1"]
[WhiteTeam "Netherlands (W)"]
[BlackTeam "Spain (W)"]
[WhiteTeamCountry "NED"]
[BlackTeamCountry "ESP"]

1. d4 Nf6 2. Nf3 c5 3. d5 b5 4. a4 b4 5. c4 g6 6. Nbd2 Bg7 7. e4 d6 8. g3 Bg4 9. Bg2 Nbd7 10. Qc2 h6 11. h3 Bxf3 12. Nxf3 Qc7 13. 0-0 a5 14. Nh4 0-0-0 15. f4 Nh5 16. Qf2 Bf6 17. Nf3 g5 18. e5 dxe5 19. fxg5 hxg5 20. Nxg5 Rdg8 21. h4 Bxg5 22. hxg5 f5 23. b3 Rf8 24. Ra2 f4 25. gxf4 exf4 26. Bh3 Ng3 27. Bxf4 Rxf4 28. Qxf4 Rxh3 29. Qxc7+ Kxc7 30. Kg2 Nxf1 31. Kxh3 Ne3 32. g6 Nf6 33. Re2 Nf5 34. Re5 Nd4 35. Rxe7+ Kd6 36. Rf7 Ne8 37. g7 Nxg7 38. Rxg7 Nxb3 39. Rg6+ Kc7 40. Rg2 Nc1 41. Kg4 Nd3 42. Kf5 b3 43. Rg1 Kd6 44. Rg6+ Kd7 45. Rg1 Kd6 46. Ke4 Ne5 47. Rh1 b2 48. Rh6+ Kd7 49. Rh7+ Kd6 50. Rh6+ Kd7 51. Rh7+ Kd6 1/2-1/2

[Event "La Laguna op 1st"]
[Site "La Laguna"]
[Date "2007.03.12"]
[Round "9"]
[White "Trujillo Delgado, Dafnae Lorena"]
[Black "Medina Plasencia, Santiago"]
[Result "1/2-1/2"]
[WhiteElo "2225"]
[BlackElo "2056"]
[PlyCount "142"]
[EventDate "2007.03.05"]
[EventType "swiss"]
[EventRounds "9"]
[EventCountry "ESP"]
[SourceTitle "CBM 117 Extra"]
[Source "ChessBase"]
[SourceDate "2007.05.09"]
[SourceVersion "1"]
[SourceVersionDate "2007.05.09"]
[SourceQuality "1"]

1. e4 d6 2. d4 Nf6 3. Bd3 e5 4. c3 Nc6 5. Nf3 Bg4 6. d5 Nb8 7. h3 Bh5 8. Be3 Be7 9. Nbd2 c6 10. c4 a5 11. 0-0 Qc7 12. Rb1 Nbd7 13. b4 axb4 14. Rxb4 Nc5 15. Bxc5 dxc5 16. Rb2 0-0 17. Qc2 Ra7 18. Rfb1 Rfa8 19. Be2 Bg6 20. Nh4 cxd5 21. Nxg6 hxg6 22. cxd5 Ne8 23. Nf3 f6 24. Rc1 Nd6 25. Qxc5 Qxc5 26. Rxc5 Rxa2 27. Rxa2 Rxa2 28. Bd3 Bd8 29. Rc2 Rxc2 30. Bxc2 Kf8 31. Kf1 Ke8 32. Ke2 g5 33. Nd2 Kd7 34. Nb3 b6 35. Bd3 Kc7 36. Kf3 g6 37. Ke3 Be7 38. Be2 Bd8 39. Nd2 Be7 40. Nb1 b5 41. Nd2 Kb6 42. g3 f5 43. Bd3 f4+ 44. Ke2 Kc5 45. Kd1 Bf6 46. Kc2 Be7 47. Be2 Bd8 48. Bg4 Kd4 49. Bf3 Kc5 50. Nb3+ Kb4 51. Nc1 Bb6 52. gxf4 gxf4 53. Nd3+ Ka3 54. Nxe5 Bxf2 55. Nd3 Bd4 56. e5 Nc4 57. e6 Bf6 58. Nxf4 b4 59. Be4 b3+ 60. Kd1 Ka2 61. Nxg6 b2 62. e7 Nd6 63. Bd3 b1Q+ 64. Bxb1+ Kxb1 65. h4 Kb2 66. Kd2 Kb3 67. Kd3 Kb4 68. h5 Kc5 69. Nf4 Bxe7 70. h6 Bf6 71. h7 Nf7 1/2-1/2

[Event "La Laguna op 1st"]
[Site "La Laguna"]
[Date "2007.03.07"]
[Round "4"]
[White "Trujillo Delgado, Dafnae Lorena"]
[Black "Heimbaecher, Felix"]
[Result "1-0"]
[WhiteElo "2225"]
[BlackElo "2026"]
[PlyCount "101"]
[EventDate "2007.03.05"]
[EventType "swiss"]
[EventRounds "9"]
[EventCountry "ESP"]
[SourceTitle "CBM 117 Extra"]
[Source "ChessBase"]
[SourceDate "2007.05.09"]
[SourceVersion "1"]
[SourceVersionDate "2007.05.09"]
[SourceQuality "1"]

1. e4 c5 2. Nf3 d6 3. d4 cxd4 4. Nxd4 Nf6 5. Nc3 a6 6. Be2 e6 7. 0-0 Be7 8. f4 0-0 9. Kh1 b5 10. Bf3 e5 11. Nf5 Bxf5 12. exf5 Nbd7 13. Bxa8 Qxa8 14. fxe5 dxe5 15. Qf3 e4 16. Qg3 Qc6 17. a3 a5 18. Rf2 Bd6 19. Qh4 b4 20. axb4 Bxb4 21. Qh3 Ne5 22. Bg5 Nfg4 23. Re2 Bc5 24. Bf4 Qa6 25. Bxe5 Qxe2 26. Nxe2 Nf2+ 27. Kg1 Nxh3+ 28. Kf1 f6 29. Bc3 Nf2 30. Rxa5 Be3 31. Bd4 Ng4 32. h3 Bxd4 33. Nxd4 Ne3+ 34. Kg1 Nc4 35. Rb5 Ra8 36. Rb7 e3 37. Kf1 g6 38. g4 Re8 39. Ke2 Nd6 40. Rb3 gxf5 41. gxf5 Re5 42. Rxe3 Rxe3+ 43. Kxe3 Nc4+ 44. Ke4 Nxb2 45. Kd5 Kf7 46. c4 Ke7 47. c5 Nd3 48. Kc6 h5 49. h4 Kd8 50. Kd6 Nf4 51. Ne6+ 1-0

[Event "ESP-ch op"]
[Site "Leon"]
[Date "2006.11.24"]
[Round "3"]
[White "Moran Llera, Jose Angel"]
[Black "Trujillo Delgado, Dafnae Lorena"]
[Result "0-1"]
[WhiteElo "2004"]
[BlackElo "2206"]
[PlyCount "152"]
[EventDate "2006.11.22"]
[EventType "swiss"]
[EventRounds "9"]
[EventCountry "ESP"]
[SourceTitle "CBM 115 Extra"]
[Source "ChessBase"]
[SourceDate "2007.01.10"]
[SourceVersion "1"]
[SourceVersionDate "2007.01.10"]
[SourceQuality "1"]

1. d4 Nf6 2. Nf3 g6 3. Bg5 Bg7 4. Nbd2 d6 5. e4 c5 6. c3 cxd4 7. cxd4 Qa5 8. Bd3 Bg4 9. 0-0 Nc6 10. Nc4 Qxg5 11. Nxg5 Bxd1 12. Raxd1 b5 13. Nxd6+ exd6 14. Bxb5 Rc8 15. d5 0-0 16. dxc6 h6 17. Nf3 Nxe4 18. Nd2 Nc5 19. b4 Ne6 20. Nc4 Nd4 21. Nxd6 Rcd8 22. Nb7 Rc8 23. Ba4 Ne2+ 24. Kh1 Nc3 25. Nc5 Nxd1 26. Rxd1 Bc3 27. Nd7 Rfe8 28. b5 Re2 29. Bb3 Rce8 30. g3 Rxf2 31. c7 Rc8 32. Ne5 Rxc7 33. Nxg6 Rc5 34. Nf4 Rd2 35. Rf1 Rxb5 36. Nh5 Rxh5 37. Bxf7+ Kg7 38. Bxh5 Rxa2 39. Rf7+ Kg8 40. Rc7 Ra1+ 41. Kg2 Bd4 42. Bf7+ Kg7 43. Ba2+ Kf6 44. Rc2 a5 45. Kf3 Kf5 46. Re2 a4 47. g4+ Kg5 48. Ke4 Bg7 49. Kf3 a3 50. Kg3 Bb2 51. Re6 Rg1+ 52. Kf3 Rf1+ 53. Kg3 Rg1+ 54. Kf3 Bf6 55. Kf2 Rxg4 56. Re2 Bd4+ 57. Kf3 Rf4+ 58. Kg3 Rf1 59. h4+ Kg6 60. Kg2 Rg1+ 61. Kh2 Ra1 62. Kh3 Bb2 63. Rg2+ Kf6 64. Bc4 a2 65. Bxa2 Rxa2 66. h5 Ra3+ 67. Rg3 Ra1 68. Rg6+ Kf5 69. Rxh6 Rg1 70. Kh2 Rg5 71. Rh7 Be5+ 72. Kh1 Ke4 73. h6 Bf4 74. Rb7 Kf3 75. Rf7 Rc5 76. Rg7 Rh5+ 0-1

[Event "El Sauzal op 7th"]
[Site "El Sauzal"]
[Date "2006.11.05"]
[Round "6"]
[White "Meijers, Viesturs"]
[Black "Trujillo Delgado, Dafnae Lorena"]
[Result "1-0"]
[WhiteElo "2465"]
[BlackElo "2206"]
[PlyCount "54"]
[EventDate "2006.11.04"]
[EventType "swiss (rapid)"]
[EventRounds "9"]
[EventCountry "ESP"]
[SourceTitle "CBM 115 Extra"]
[Source "ChessBase"]
[SourceDate "2007.01.10"]
[SourceVersion "1"]
[SourceVersionDate "2007.01.10"]
[SourceQuality "1"]

1. e4 c5 2. c3 Qa5 3. g3 Nc6 4. Nf3 d6 5. Bg2 Nf6 6. Qc2 e5 7. 0-0 Be7 8. Na3 0-0 9. Nc4 Qc7 10. Ne3 Be6 11. d4 d5 12. exd5 Nxd5 13. dxc5 Bxc5 14. Nxd5 Bxd5 15. Ng5 e4 16. Bxe4 Bxe4 17. Qxe4 g6 18. Bf4 Qb6 19. Qc2 Rfe8 20. Rfe1 Rad8 21. Ne4 Be7 22. Rad1 Rxd1 23. Rxd1 Rd8 24. Re1 Bf8 25. Nf6+ Kh8 26. Qb3 Qxb3 27. axb3 Kg7 1-0

[Event "ESP-chT 1st div South"]
[Site "Santa Cruz de Tenerife"]
[Date "2006.08.23"]
[Round "1"]
[White "Gonzalez Lopez, Mario"]
[Black "Trujillo Delgado, Dafnae Lorena"]
[Result "0-1"]
[WhiteElo "1850"]
[BlackElo "2164"]
[PlyCount "58"]
[EventDate "2006.08.23"]
[EventType "team"]
[EventRounds "5"]
[EventCountry "ESP"]
[SourceTitle "CBM 113 Extra"]
[Source "ChessBase"]
[SourceDate "2006.09.14"]
[SourceVersion "1"]
[SourceVersionDate "2006.09.14"]
[SourceQuality "1"]

1. e4 c5 2. Nf3 d6 3. d4 cxd4 4. Nxd4 Nf6 5. Nc3 a6 6. Be2 e6 7. 0-0 Be7 8. Kh1 Qc7 9. Be3 0-0 10. f3 b5 11. a3 Bb7 12. Qe1 d5 13. exd5 Nxd5 14. Nxd5 Bxd5 15. Bd3 Nd7 16. Qf2 Rac8 17. Rac1 Ne5 18. Rfd1 Bf6 19. c3 Rfd8 20. Qc2 g6 21. a4 Nxd3 22. Rxd3 Qb7 23. axb5 axb5 24. Qd2 Bc4 25. b3 Bxd3 26. Qxd3 b4 27. Qb5 Qxb5 28. Nxb5 bxc3 29. Na7 c2 0-1

[Event "Belgrade (Women) 38th"]
[Site "Belgrade"]
[Date "2006.03.12"]
[Round "6"]
[White "Chelushkina, Irina"]
[Black "Trujillo Delgado, Dafnae Lorena"]
[Result "1-0"]
[WhiteElo "2312"]
[BlackElo "2146"]
[PlyCount "85"]
[EventDate "2006.03.06"]
[EventType "tourn"]
[EventRounds "9"]
[EventCountry "YUG"]
[SourceTitle "CBM 111 Extra"]
[Source "ChessBase"]
[SourceDate "2006.05.09"]
[SourceVersion "1"]
[SourceVersionDate "2006.05.09"]
[SourceQuality "1"]

1. g3 e5 2. c4 d5 3. cxd5 Nf6 4. Bg2 Nxd5 5. Nf3 Nc6 6. 0-0 Be7 7. d4 e4 8. Ne5 f5 9. Qa4 Bd7 10. Qc4 Nxe5 11. Qxd5 Nc6 12. Nc3 Bf6 13. Be3 Qe7 14. Qb3 Bxd4 15. Bxd4 Nxd4 16. Qxb7 Bc6 17. Qa6 Qb4 18. Rad1 Bb7 19. Rxd4 Qxd4 20. Qxb7 0-0 21. Qxc7 Rab8 22. Rd1 Qf6 23. Rd6 Qg5 24. h4 Qc1+ 25. Rd1 Qh6 26. Qe5 Rbe8 27. Qd5+ Kh8 28. e3 Qb6 29. Qc4 Qf6 30. Qc5 Rb8 31. Rd7 Rfc8 32. Qa5 h6 33. Qa3 a6 34. Rd6 Qf8 35. Nd5 Rc1+ 36. Kh2 Rc2 37. Nf4 Kh7 38. Qxa6 Rbxb2 39. Rd7 Rxa2 40. Qg6+ Kh8 41. Rf7 Qg8 42. Qxf5 Ra8 43. Ng6+ 1-0

[Event "Las Palmas op"]
[Site "Las Palmas"]
[Date "2005.12.01"]
[Round "8.22"]
[White "Trujillo Delgado, Dafnae Lorena"]
[Black "Camino Carrio, Nicanor"]
[Result "1-0"]
[WhiteElo "2184"]
[BlackElo "2100"]
[PlyCount "71"]
[EventDate "2005.11.25"]
[EventType "swiss"]
[EventRounds "9"]
[EventCountry "ESP"]
[SourceTitle "CBM 109 Extra"]
[Source "ChessBase"]
[SourceDate "2006.01.03"]
[SourceVersion "2"]
[SourceVersionDate "2006.01.03"]
[SourceQuality "1"]

1. e4 c5 2. Nf3 d6 3. d4 cxd4 4. Nxd4 Nf6 5. Nc3 g6 6. Be2 Bg7 7. 0-0 0-0 8. Nb3 Nc6 9. Re1 a6 10. Bg5 b5 11. Bf1 h6 12. Bh4 Bb7 13. a4 b4 14. Nd5 g5 15. Bg3 e5 16. Nxf6+ Qxf6 17. a5 Rac8 18. Ra4 Rfd8 19. Bc4 Qg6 20. Bd5 Rb8 21. Qd2 h5 22. f3 Bh6 23. Qe2 Kg7 24. Bf2 g4 25. fxg4 Qxg4 26. Qxg4+ hxg4 27. Bb6 Rd7 28. Bxc6 Bxc6 29. Rxb4 f5 30. exf5 Kf6 31. Rxg4 Kxf5 32. h3 Bb5 33. c4 Ba4 34. Nd4+ exd4 35. Rf1+ Ke6 36. Re4# 1-0

[Event "Madrid op1"]
[Site "Madrid"]
[Date "2005.09.29"]
[Round "8"]
[White "Rodriguez de Castro, Ayar"]
[Black "Trujillo Delgado, Dafnae Lorena"]
[Result "0-1"]
[WhiteElo "2099"]
[BlackElo "2219"]
[PlyCount "88"]
[EventDate "2005.09.22"]
[EventType "swiss"]
[EventRounds "9"]
[EventCountry "ESP"]
[SourceTitle "CBM 108 Extra"]
[Source "ChessBase"]
[SourceDate "2005.11.04"]
[SourceVersion "1"]
[SourceVersionDate "2005.11.04"]
[SourceQuality "1"]

1. d4 Nf6 2. Nf3 g6 3. c4 c5 4. d5 b5 5. cxb5 a6 6. bxa6 Bxa6 7. Nc3 d6 8. e4 Bxf1 9. Kxf1 Nbd7 10. h3 Bg7 11. g3 0-0 12. Kg2 Qc7 13. Qe2 Rfb8 14. Bg5 h6 15. Bxf6 Bxf6 16. h4 Qb6 17. Rab1 Qa5 18. Qd2 Kg7 19. h5 g5 20. Rhc1 Rb7 21. b3 Bxc3 22. Rxc3 Nf6 23. Nxg5 hxg5 24. Qxg5+ Kh8 25. Rf3 Nh7 26. Qh6 f6 27. Rh1 Rg8 28. Rh4 Qd8 29. g4 Rb4 30. Re3 Rd4 31. Re2 Qc8 32. f3 Rg5 33. Rh2 Rd3 34. Kf2 c4 35. Rh1 c3 36. Rc1 Qc5+ 37. Kg2 Qd4 38. Rcc2 Rd1 39. Rf2 Qe3 40. Kh2 Qe1 41. a4 Rd2 42. Rfxd2 Qxd2+ 43. Rxd2 cxd2 44. f4 Rxg4 0-1

[Event "Bajada de la Virgen op 3rd"]
[Site "Santa Cruz de La Palma"]
[Date "2005.06.17"]
[Round "7"]
[White "Hernandez Rios, Ivan"]
[Black "Trujillo Delgado, Dafnae Lorena"]
[Result "0-1"]
[WhiteElo "1962"]
[BlackElo "2192"]
[PlyCount "108"]
[EventDate "2005.06.13"]
[EventType "swiss"]
[EventRounds "9"]
[EventCountry "ESP"]
[SourceTitle "CBM 106 Extra"]
[Source "ChessBase"]
[SourceDate "2005.07.01"]
[SourceVersion "1"]
[SourceVersionDate "2005.07.01"]
[SourceQuality "1"]

1. e4 c5 2. Nf3 d6 3. d4 cxd4 4. Nxd4 Nf6 5. Nc3 a6 6. Be2 e6 7. Be3 Be7 8. 0-0 Qc7 9. a4 b6 10. f4 Bb7 11. Bf3 Nbd7 12. Qe2 Nc5 13. Bf2 0-0 14. Rfd1 Rfd8 15. f5 e5 16. Nb3 Rac8 17. Kh1 Qb8 18. g4 Nfd7 19. Nd2 Nf8 20. Nf1 Qa8 21. Bg1 h6 22. Bf2 Bg5 23. h4 Bf4 24. b4 Nb3 25. Ra3 Rxc3 26. Rxb3 Rxf3 27. Rxf3 Bxe4 28. Rdd3 Rc8 29. Kg2 Bxf3+ 30. Rxf3 Nd7 31. Bg3 Bxg3 32. Kxg3 e4 33. Re3 d5 34. Kh3 Qc6 35. Qxa6 Qxc2 36. Qb7 Nf6 37. Ng3 d4 38. Re2 Qc3 39. a5 bxa5 40. bxa5 e3 41. a6 Qc7 42. Rb2 Nd7 43. a7 Qd8 44. Qd5 Ra8 45. Rb8 Rxb8 46. axb8Q Qxb8 47. Qxd7 Qe5 48. Qc8+ Kh7 49. Qc2 Qf4 50. Qe2 f6 51. Nh5 Qe5 52. Ng3 d3 53. Qd1 e2 54. Qd2 e1Q 0-1

[Event "Bajada de la Virgen op 3rd"]
[Site "Santa Cruz de La Palma"]
[Date "2005.06.16"]
[Round "5"]
[White "Diaz Diaz, Abel"]
[Black "Trujillo Delgado, Dafnae Lorena"]
[Result "1-0"]
[WhiteElo "2122"]
[BlackElo "2192"]
[PlyCount "81"]
[EventDate "2005.06.13"]
[EventType "swiss"]
[EventRounds "9"]
[EventCountry "ESP"]
[SourceTitle "CBM 106 Extra"]
[Source "ChessBase"]
[SourceDate "2005.07.01"]
[SourceVersion "1"]
[SourceVersionDate "2005.07.01"]
[SourceQuality "1"]

1. e4 c5 2. Nf3 d6 3. d4 cxd4 4. Nxd4 Nf6 5. Nc3 a6 6. Bc4 e6 7. 0-0 Nbd7 8. a4 Qc7 9. Qe2 Nc5 10. Bg5 Be7 11. b4 Ncd7 12. Bd2 Ne5 13. Bb3 Nc6 14. Qc4 Qb6 15. Nxc6 bxc6 16. Be3 Qb7 17. b5 cxb5 18. axb5 axb5 19. Nxb5 0-0 20. Rxa8 Qxa8 21. Qc7 Qb7 22. f3 Qxb5 23. Qxe7 d5 24. exd5 exd5 25. Qc5 Qe2 26. Bd4 Ba6 27. Ra1 Nh5 28. Qxd5 Nf4 29. Qg5 Ng6 30. h4 Kh8 31. h5 f6 32. Qc5 Rc8 33. Qd6 Nh4 34. Bf2 Nxf3+ 35. gxf3 Bb7 36. Rd1 Re8 37. Re1 Qb5 38. Rxe8+ Qxe8 39. Bd5 Bc8 40. Bc6 Qg8 41. Bc5 1-0